[Event "ECC"]
[Site "Panormo GRE"]
[Date "2001.09.29"]
[Round "7"]
[White "Golod,V"]
[Black "Pigusov,E"]
[Result "1/2-1/2"]
[WhiteElo "2514"]
[BlackElo "2613"]

1.d4 Nf6 2.c4 e6 3.Nf3 d5 4.Nc3 Be7 5.Bf4 c5 6.dxc5 Bxc5 7.e3 O-O 8.cxd5 Nxd5
9.Nxd5 exd5 10.a3 Nc6 11.Bd3 Bb6 12.O-O d4 13.e4 Bg4 14.h3 Bh5 15.g4 Bg6
16.Nd2 f6 17.Nc4 Re8 18.Nd6 Re7 19.Bc4+ Kh8 20.Bd5 Qd7 21.Qb3 Ne5 22.Bxe5 Rxe5
23.Nc4 Re7 24.Nxb6 axb6 25.Rad1 Bxe4 26.Rxd4 Bxd5 27.Qxd5 Qc6 28.Rfd1 h6
29.Qxc6 bxc6 30.Rc1 Re2 31.Rxc6 Rxb2 32.Rb4 Ra2 33.Rcxb6  1/2-1/2

[Event "ECC"]
[Site "Panormo GRE"]
[Date "2001.09.29"]
[Round "7"]
[White "Damaso,R"]
[Black "Schandorff,L"]
[Result "1-0"]
[WhiteElo "2437"]
[BlackElo "2551"]

1.Nf3 d5 2.c4 e6 3.d4 Nf6 4.Nc3 Be7 5.Bf4 O-O 6.e3 Nbd7 7.Qc2 c5 8.cxd5 Nxd5
9.Nxd5 exd5 10.Be2 c4 11.O-O b5 12.b3 Nb6 13.bxc4 bxc4 14.a4 a5 15.Ne5 Bb7
16.Qf5 Bb4 17.Bd1 g6 18.Qh3 Qe7 19.Bh6 Rfe8 20.Bc2 Qe6 21.Qg3 Nd7 22.f4 f5
23.h4 Nf6 24.Bg5 Ne4 25.Bxe4 dxe4 26.h5 Bd5 27.Kf2 Bf8 28.Rh1 Reb8 29.hxg6 Rb2+
30.Kf1 h6 31.Bxh6 Bd6 32.Bg5 Bxe5 33.dxe5 Qxg6 34.Rh6 Qg7 35.Qh3 c3 36.Bf6  1-0

[Event "Bundesliga 2001-2"]
[Site "Bonn GER"]
[Date "2001.10.06"]
[Round "1"]
[White "Epishin,V"]
[Black "Vaganian,R"]
[Result "0-1"]
[WhiteElo "2583"]
[BlackElo "2650"]

1.d4 d5 2.c4 e6 3.Nc3 Be7 4.Nf3 Nf6 5.Bf4 O-O 6.e3 Nbd7 7.Bd3 dxc4 8.Bxc4 a6
9.a4 c5 10.dxc5 Bxc5 11.O-O b6 12.Qe2 Bb7 13.Rfd1 Qe7 14.Nd4 Rfc8 15.Bg3 Nf8
16.Bd3 Bb4 17.Na2 Bd6 18.e4 Bxg3 19.hxg3 N6d7 20.Qe3 Ne5 21.Be2 Nfd7 22.Rac1 Rxc1
23.Rxc1 Nc5 24.a5 bxa5 25.Qa3 Rc8 26.Nb3 Ned7 27.Nxa5 Rb8 28.f3 e5 29.b4 Ne6
30.Nxb7 Rxb7 31.Qxa6 Ndf8 32.Bc4 Nd4 33.Qa3 Qg5 34.g4 Rb6 35.Bf1 Qd2 36.Rc8 Rh6
37.Rxf8+ Kxf8 38.b5+ Ke8 39.Qa8+ Ke7  0-1

[Event "Bundesliga 2001-2"]
[Site "Magdeburg GER"]
[Date "2001.10.06"]
[Round "1"]
[White "Hellsten,J"]
[Black "Sadler,M"]
[Result "1/2-1/2"]
[WhiteElo "2471"]
[BlackElo "2631"]

1.d4 Nf6 2.c4 e6 3.Nf3 d5 4.Nc3 Be7 5.Bf4 a6 6.e3 dxc4 7.Bxc4 b5 8.Be2 Nbd7
9.Ne5 Nxe5 10.Bxe5 O-O 11.Bf3 Ra7 12.O-O c5 13.dxc5 Nd7 14.Bg3 Nxc5 15.Qc2 Qd3
16.Rac1 Bb7 17.Bxb7 Rxb7 18.Rfd1 Qxc2 19.Rxc2 b4 20.Ne2 b3 21.axb3 Nxb3 22.Nc1 Nc5
23.Bd6 Rd7 24.Rxc5 Bxd6 25.g3 Rfd8 26.Rc6 Bf8 27.Rxd7 Rxd7 28.Kg2 Rd6 29.Rxd6 Bxd6
30.Nd3 f5 31.f3 Kf7 32.e4 Ke7 33.b3 g6  1/2-1/2

[Event "Bundesliga 2001-2"]
[Site "Werder Bremen GER"]
[Date "2001.10.06"]
[Round "1"]
[White "Bunzmann,D"]
[Black "Hochgraefe,M"]
[Result "1-0"]
[WhiteElo "2509"]
[BlackElo "2334"]

1.Nf3 d5 2.d4 Nf6 3.c4 e6 4.Nc3 Be7 5.Bf4 O-O 6.e3 c5 7.dxc5 Bxc5 8.a3 Nc6
9.Rc1 dxc4 10.Qxd8 Rxd8 11.Bxc4 Bd7 12.Ke2 Be8 13.Ba2 Rac8 14.h3 h6 15.Nd2 Be7
16.Rhd1 Rd7 17.Nc4 Rcd8 18.Rxd7 Bxd7 19.Bc7 Rc8 20.Bh2 b6 21.Nd6 Bxd6 22.Bxd6 Na5
23.Be5 Nc6 24.Bxf6 gxf6 25.Rd1 Rc7 26.Nb5 Rb7 27.Ke1 Ne7 28.Bc4 Kg7 29.Rd2 f5
30.Be2 Bc6 31.f3 Bd7 32.Kf2 Kf6 33.Rc2 Bxb5 34.Bxb5 Ke5 35.Ke2 Nd5 36.Rc6 Rc7
37.f4+ Kf6 38.Kd3 Rxc6 39.Bxc6 Nc7 40.e4 fxe4+ 41.Kxe4 Ke7 42.g4 Kd6 43.Bb7 f6
44.h4 Ne8 45.g5 fxg5 46.fxg5 hxg5 47.hxg5 Kc7 48.Ba6 Kd6 49.Be2 Ng7 50.Bg4 Ne8
51.Bh5 Ng7 52.Bg6 a6 53.a4 a5 54.b3 e5 55.Bf7 Ke7 56.Bg8 Kd6 57.Bc4 Nh5 58.Kf5 Ng3+
59.Kg4 Ne4 60.g6 Nf6+ 61.Kg5 Ne8 62.Bb5 Ng7 63.Kf6 Nh5+ 64.Kf7 e4 65.Be2  1-0

[Event "Bundesliga 2001-2"]
[Site "Bonn GER"]
[Date "2001.10.07"]
[Round "2"]
[White "Kempinski,R"]
[Black "Khalifman,A"]
[Result "1/2-1/2"]
[WhiteElo "2595"]
[BlackElo "2700"]

1.Nf3 Nf6 2.c4 e6 3.Nc3 d5 4.d4 Be7 5.Bf4 O-O 6.e3 c5 7.dxc5 Bxc5 8.Qc2 Nc6
9.a3 Qa5 10.O-O-O Be7 11.Nd2 Qb6 12.Qb3 Qa5 13.Qc2 Qb6 14.Qb3 Qa5  1/2-1/2

[Event "TCh-RUS Siberian Zone"]
[Site "Omsk RUS"]
[Date "2001.10.08"]
[Round "4"]
[White "Sherbakov,R"]
[Black "Belozerov,A"]
[Result "1-0"]
[WhiteElo "2539"]
[BlackElo "2553"]

1.d4 d5 2.c4 e6 3.Nc3 Be7 4.Nf3 Nf6 5.Bf4 O-O 6.e3 Nbd7 7.Qc2 c6 8.h3 Re8
9.a3 b6 10.Rd1 Bb7 11.Bd3 dxc4 12.Bxc4 Nd5 13.Bg3 Nxc3 14.Qxc3 b5 15.Bd3 b4
16.axb4 Qb6 17.O-O Bxb4 18.Qc2 g6 19.Qa4 a5 20.Nd2 Ba6 21.Bxa6 Qxa6 22.Ne4 Rec8
23.Rc1 Nb6 24.Qd1 Nd5 25.Nc5 Qa7 26.Qf3 Qe7 27.e4 Nb6 28.Be5 Bxc5 29.dxc5 Nd7
30.Bd6 Qf6 31.Qe2 Ra7 32.e5 Qd8 33.Rc4 Rb7 34.Re1 Ra8 35.Qd2 Kh8 36.Ree4 a4
37.Rxa4 Rba7 38.Rxa7 Rxa7 39.Rb4 Kg7 40.Qe3 Ra1+ 41.Kh2 Rd1 42.Rb7 h5 43.b4 h4
44.Qf3 Rd5 45.b5  1-0

[Event "Klompendans"]
[Site "Amsterdam NED"]
[Date "2001.10.24"]
[Round "2"]
[White "Korchnoi,V"]
[Black "Ioseliani,N"]
[Result "1/2-1/2"]
[WhiteElo "2639"]
[BlackElo "2497"]

1.d4 d5 2.c4 e6 3.Nc3 Be7 4.Nf3 Nf6 5.Bf4 O-O 6.e3 Nbd7 7.h3 c5 8.Rc1 a6
9.cxd5 Nxd5 10.Nxd5 exd5 11.dxc5 Nxc5 12.a3 Ne6 13.Be5 Bf6 14.Bc3 Bxc3+ 15.Rxc3 Ng5
16.Be2 Be6 17.O-O Ne4 18.Rb3 Qe7 19.Rb4 Rac8 20.Bd3 Rfd8 21.Rd4 Qf6 22.Bb1 g6
23.Qe2 Nd6 24.Ba2 Nc4 25.Rfd1 b5 26.Ne1 Bf5 27.g4 Be6 28.Nd3 h5 29.Kg2 hxg4
30.hxg4 Kg7 31.Qf3 Qxf3+ 32.Kxf3 Rh8 33.Kg3 g5 34.b4 Rh4 35.Bxc4 Rxc4 36.Ne5 Rxd4
37.Rxd4 Rh1 38.Nf3 Kf6 39.Rd3 Rc1 40.Kh3 Rh1+ 41.Kg2 Rc1 42.Kg3 Rb1 43.Rc3 Ra1
44.Nd4 Bd7 45.Rc7 Be6 46.Rc3 Bd7 47.f3 Ke5 48.Ne2 Kd6 49.Rd3 Ke5 50.Kf2 Ra2
51.Rc3 Kd6 52.Ke1 f5 53.Nc1 Rh2 54.gxf5 Bxf5 55.Nb3 g4 56.Nd4 Bd7 57.fxg4 Rg2
58.Rc2 Rg1+ 59.Kf2 Rxg4 60.Kf3 Rg6 61.Rh2 Rf6+ 62.Ke2 Bg4+ 63.Kd3 Ke5 64.Rh7 Kd6
65.Rg7 Bd1 66.Ra7 Ke5 67.Rc7 Bg4 68.Rc6 Bf5+ 69.Kd2 Rxc6 70.Nxc6+ Kd6 71.Nd4 Ke5
72.Nb3 Bc8 73.Kd3 Bf5+ 74.Kc3 Ke4 75.Kd2 Ke5 76.Ke2 Bg4+ 77.Kd3 Bf5+ 78.Kd2 Bh3
79.Nc5 d4 80.Nd3+ Kd6 81.exd4 Bc8 82.Nc5 Kd5 83.Ke3 Kc4 84.Ke4 Kc3 85.d5 Kc4
86.d6 a5 87.Na6 Kb3 88.bxa5 Ka4 89.Nc5+ Kxa5 90.Kd4 b4 91.a4 b3 92.Kc3 b2
93.Kxb2 Kb4  1/2-1/2

[Event "Jonsson Mem Open"]
[Site "Reykjavik ISL"]
[Date "2001.10.24"]
[Round "2"]
[White "Sokolov,I"]
[Black "Olafsson,H"]
[Result "1-0"]
[WhiteElo "2658"]
[BlackElo "2460"]

1.d4 Nf6 2.c4 e6 3.Nf3 d5 4.Nc3 Be7 5.Bf4 O-O 6.e3 Nbd7 7.cxd5 Nxd5 8.Bg3 c5
9.Bd3 cxd4 10.exd4 N7f6 11.Ne5 b6 12.Nc6 Qe8 13.Nxe7+ Qxe7 14.O-O Bb7 15.Re1 Rfd8
16.a3 Rac8 17.Qd2 Nxc3 18.bxc3 Nh5 19.Be5 f6 20.Bg3 Nxg3 21.hxg3 Qd6 22.Re3 Bd5
23.Qe2 Qc6 24.Qh5 h6 25.Rae1 Qxc3 26.Qg6 Qxd4 27.Qh7+ Kf8 28.Bg6 e5 29.Rd3 Bg8
30.Rxd4 exd4 31.Qh8 d3 32.Bh7 Kf7 33.Bxg8+ Rxg8 34.Qh7 d2 35.Rf1 Rgd8 36.Qb1 Rc3
37.a4 Rcd3 38.Rd1 R8d7 39.Kh2 R3d5 40.f4 Rc5 41.Kg1 Rcd5 42.Qe4 Rd4 43.Qe3 Rd3
44.Qe2 R3d5 45.g4 Rd4 46.Kh2 R4d5 47.f5 R5d6 48.Kh3 Kg8 49.Qe4 Rc7 50.Qe8+ Kh7
51.Qg6+ Kg8 52.g5 hxg5 53.Qe8+ Kh7 54.Qh5+ Kg8 55.Qe2 Rc3+ 56.g3 Rc2 57.Qe8+ Kh7
58.Qe3 a5 59.Kg2 Rc1 60.Rxc1 dxc1=Q 61.Qxc1 Rd4 62.Qc6 Rb4 63.Kf3 Kg8 64.Qd7 Kh7
65.Ke2 Rb3 66.Qc6 Rb4 67.Kd3 Rb1 68.Ke4 Rb4+ 69.Kd5  1-0

[Event "Open"]
[Site "Le Touquet FRA"]
[Date "2001.10.27"]
[Round "?"]
[White "Levin,F"]
[Black "Payen,A"]
[Result "1/2-1/2"]
[WhiteElo "2531"]
[BlackElo "2401"]

1.d4 d5 2.c4 e6 3.Nf3 Nf6 4.Nc3 Be7 5.Bf4 O-O 6.e3 Nbd7 7.Rc1 c6 8.h3 Qa5
9.Nd2 Ne4 10.Ndxe4 dxe4 11.Qd2 e5 12.dxe5 Nxe5 13.Nxe4 Bb4 14.Nc3 Rd8 15.Qc2 Bf5
16.e4 Rd4 17.f3 Nxc4 18.a3 Bxc3+ 19.Qxc3 Be6 20.Qxa5 Nxa5 21.Be3 Rd7 22.Be2 b5
23.Kf2 Nc4 24.Bxc4 Bxc4 25.Rhd1 Rad8 26.Rxd7 Rxd7 27.b3 Bxb3 28.Rxc6 h6 29.Rc8+ Kh7
30.Ra8 Bc4 31.h4 h5  1/2-1/2

[Event "WYG18"]
[Site "Oropesa del Mar ESP"]
[Date "2001.10.29"]
[Round "8"]
[White "Khusnutdinova,L"]
[Black "Milliet,S"]
[Result "1/2-1/2"]
[WhiteElo "2270"]
[BlackElo "2136"]

1.d4 d5 2.Nf3 Nf6 3.c4 e6 4.Nc3 Be7 5.Bf4 O-O 6.e3 c5 7.dxc5 Bxc5 8.cxd5 Nxd5
9.Nxd5 exd5 10.Bd3 Bb4+ 11.Ke2 Nc6 12.Qc2 h6 13.Rhd1 Re8 14.Kf1 Qf6 15.a3 Bf8
16.Bg3 Bg4 17.Be2 Rad8 18.h3 Bh5 19.Rac1 d4 20.exd4 Bxf3 21.Bxf3 Nxd4 22.Qc3 Nxf3
23.Qxf6 gxf6 24.gxf3 Rxd1+ 25.Rxd1 b5 26.Rd7 a6 27.Bf4 Kg7 28.Be3 Rc8 29.Ra7 Rc6
30.f4  1/2-1/2

[Event "Chigorin Mem Open"]
[Site "St Petersburg RUS"]
[Date "2001.10.29"]
[Round "4"]
[White "Belov,Vl"]
[Black "Pushkov,N"]
[Result "1-0"]
[WhiteElo "2458"]
[BlackElo "2541"]

1.d4 Nf6 2.c4 e6 3.Nf3 d5 4.Nc3 Be7 5.Bf4 O-O 6.e3 c5 7.dxc5 Bxc5 8.Qc2 Nc6
9.a3 Qa5 10.O-O-O Be7 11.h4 a6 12.Ng5 Rd8 13.cxd5 exd5 14.e4 h6 15.exd5 Bg4
16.f3 Bh5 17.dxc6 Rxd1+ 18.Nxd1 Rc8 19.Bd2 Qd8 20.Nc3 hxg5 21.hxg5 Bg6 22.Qxg6  1-0

[Event "EuTCh"]
[Site "Leon ESP"]
[Date "2001.11.08"]
[Round "3"]
[White "Malakhatko,V"]
[Black "Azarov,S"]
[Result "1/2-1/2"]
[WhiteElo "2555"]
[BlackElo "2490"]

1.d4 d5 2.c4 e6 3.Nc3 Nf6 4.Nf3 Be7 5.Bf4 O-O 6.e3 c5 7.dxc5 Bxc5 8.cxd5 Nxd5
9.Nxd5 exd5 10.a3 Bb6 11.Bd3 Nc6 12.O-O d4 13.e4 Bg4 14.h3 Qf6 15.Bh2 Bxf3
16.Qxf3 Ne5 17.Bxe5 Qxe5 18.Qd1 g5 19.g3 Kh8 20.Qh5 f6 21.Rac1 Qe7 22.Rc4 Rac8
23.Rfc1 Rxc4 24.Rxc4 Rd8 25.h4 Bc7 26.hxg5 fxg5 27.b4 Be5 28.Rc5 b6 29.Rc2 Rf8
30.Kg2 Qf6 31.Qe2 Qf7 32.Bc4 Qg6 33.Ba6 Qe6 34.Bc4 Qg6 35.Bd5 g4 36.Rc6 Qh5
37.Kg1 Qg5 38.Be6 Qf6 39.Rc8 Rxc8 40.Bxc8 h5 41.Qb5 Qe7 42.Qd5 Kg7 43.Ba6 Qd6  1/2-1/2

[Event "EuTCh"]
[Site "Leon ESP"]
[Date "2001.11.09"]
[Round "4"]
[White "Banikas,H"]
[Black "San Segundo Carrillo,P"]
[Result "1/2-1/2"]
[WhiteElo "2526"]
[BlackElo "2528"]

1.d4 d5 2.c4 e6 3.Nf3 Nf6 4.Nc3 Be7 5.Bf4 O-O 6.e3 c5 7.dxc5 Bxc5 8.a3 Nc6
9.Rc1 a6 10.cxd5 exd5 11.Be2 d4 12.Nb5 axb5 13.Rxc5 dxe3 14.Bxe3 b4 15.O-O bxa3
16.bxa3 Qxd1 17.Rxd1 Rxa3 18.Nd4 Ne4 19.Nxc6 bxc6 20.Rxc6 Nc3 21.Re1  1/2-1/2

[Event "EuTCh"]
[Site "Leon ESP"]
[Date "2001.11.10"]
[Round "5"]
[White "Malakhatko,V"]
[Black "Del Rio Angelis,S"]
[Result "1/2-1/2"]
[WhiteElo "2555"]
[BlackElo "2489"]

1.d4 e6 2.c4 Nf6 3.Nf3 d5 4.Nc3 Be7 5.Bf4 O-O 6.e3 Nbd7 7.Be2 c5 8.dxc5 Nxc5
9.cxd5 Nxd5 10.Nxd5 Qxd5 11.Qxd5 exd5 12.O-O Be6 13.Be5 Rac8 14.Rfc1 Ne4
15.Nd4 Nd6 16.b3 a6 17.Bf3 Ne4 18.Nxe6 fxe6 19.Bxe4 dxe4 20.g4 Ba3 21.Rxc8 Rxc8
22.Rd1 Rc1 23.Rxc1 Bxc1 24.Bc3 Ba3 25.b4 Kf7 26.Kg2 e5 27.f3 exf3+ 28.Kxf3 Ke6
29.Ke4 g6 30.Bd2 Bb2 31.Kd3 Ba1 32.Kc4 b5+ 33.Kc5 e4 34.h3 h5 35.gxh5 gxh5
36.Kc6 Bf6 37.Bc1 Bc3 38.a3 Bf6 39.Kc5 Be5 40.Kc6 Bf6 41.Kb6 Kd5 42.Kxa6 Kc4
43.a4 bxa4 44.b5 Kb3 45.b6 a3 46.Bxa3 Kxa3 47.Kb5 Be5 48.b7 Bb8 49.Kc5 Ka4
50.Kd4 Kb5 51.Kxe4 Kc6 52.h4 Kxb7 53.Kf5 Kc6 54.Kg5 Kd5  1/2-1/2

[Event "EuTCh"]
[Site "Leon ESP"]
[Date "2001.11.13"]
[Round "7"]
[White "Huebner,R"]
[Black "Short,N"]
[Result "1/2-1/2"]
[WhiteElo "2612"]
[BlackElo "2675"]

1.d4 Nf6 2.c4 e6 3.Nf3 d5 4.Nc3 Be7 5.Bf4 O-O 6.e3 c5 7.dxc5 Bxc5 8.cxd5 Nxd5
9.Nxd5 exd5 10.a3 Nc6 11.Bd3 Bb6 12.O-O d4 13.exd4  1/2-1/2

[Event "EuTCh"]
[Site "Leon ESP"]
[Date "2001.11.15"]
[Round "9"]
[White "Mikhalchishin,A"]
[Black "Short,N"]
[Result "1/2-1/2"]
[WhiteElo "2533"]
[BlackElo "2675"]

1.d4 e6 2.c4 Nf6 3.Nf3 d5 4.Nc3 Be7 5.Bf4 O-O 6.e3 c5 7.dxc5 Bxc5 8.cxd5 Nxd5
9.Nxd5 exd5 10.a3 Nc6 11.Bd3 Bb6 12.O-O d4 13.exd4 Nxd4  1/2-1/2

[Event "Bundesliga 2001-2"]
[Site "Wattenscheid GER"]
[Date "2001.11.25"]
[Round "4"]
[White "Kallai,G"]
[Black "Rustemov,A"]
[Result "1/2-1/2"]
[WhiteElo "2555"]
[BlackElo "2611"]

1.d4 e6 2.c4 d5 3.Nf3 Nf6 4.Nc3 Be7 5.Bf4 O-O 6.e3 Nbd7 7.h3 c5 8.cxd5 Nxd5
9.Nxd5 exd5 10.dxc5 Nxc5 11.Be5 Ne4 12.Bd3 Qa5+ 13.Ke2 Be6 14.a3 Rfc8 15.Re1 Qd8
16.Kf1 Bf6 17.Bd4 Nc5 18.Rc1 Nxd3 19.Qxd3 Be7 20.Rc3 a6 21.Rec1 Rc4 22.Ne5 Rxc3
23.Rxc3 f6 24.Nf3 Rc8 25.Qc2 Rc4 26.Nd2 Rxc3 27.Qxc3 Qc8 28.Qxc8+ Bxc8 29.Ke2 Bd7
30.Nb3 Bb5+ 31.Ke1 Bd8 32.Nc5 Bc6 33.Ne6 Be7 34.Bc5 Kf7  1/2-1/2

[Event "ch-ITA"]
[Site "Montecatini Terme ITA"]
[Date "2001.11.26"]
[Round "6"]
[White "Belotti,B"]
[Black "Costantini,R"]
[Result "1/2-1/2"]
[WhiteElo "2403"]
[BlackElo "2314"]

1.d4 d5 2.c4 e6 3.Nc3 Be7 4.Nf3 Nf6 5.Bf4 O-O 6.e3 Nbd7 7.h3 c5 8.dxc5 Nxc5
9.a3 dxc4 10.Bxc4 a6 11.b4 Qxd1+ 12.Rxd1 Ncd7 13.Bd6 Bxd6 14.Rxd6 b5 15.Bb3 Bb7
16.O-O Rfc8 17.Ne2 Kf8 18.a4  1/2-1/2

[Event "ch-ITA"]
[Site "Montecatini Terme ITA"]
[Date "2001.11.30"]
[Round "10"]
[White "Belotti,B"]
[Black "Bellia,F"]
[Result "1/2-1/2"]
[WhiteElo "2403"]
[BlackElo "2413"]

1.Nf3 Nf6 2.c4 e6 3.Nc3 d5 4.d4 Be7 5.Bf4 O-O 6.e3 a6 7.cxd5 Nxd5 8.Nxd5 exd5
9.Bd3 c6 10.Qc2 h6 11.O-O-O Be6 12.Kb1 Nd7 13.Bh7+ Kh8 14.Bf5 Bxf5 15.Qxf5 Nf6
16.Ne5 Qc8 17.Qxc8  1/2-1/2

[Event "FSIMA December"]
[Site "Budapest HUN"]
[Date "2001.12.06"]
[Round "6"]
[White "Galyas,M"]
[Black "Paci,C"]
[Result "0-1"]
[WhiteElo "2347"]
[BlackElo "2256"]

1.d4 d5 2.c4 e6 3.Nc3 Be7 4.Nf3 Nf6 5.Bf4 c5 6.dxc5 Bxc5 7.e3 O-O 8.cxd5 Nxd5
9.Nxd5 exd5 10.a3 Nc6 11.Bd3 Bb6 12.O-O d4 13.e4 Bg4 14.h3 Bh5 15.g4 Bg6
16.Nd2 Re8 17.Bg3 f6 18.f4 Qd7 19.Qf3 Rad8 20.Rae1 a6 21.Re2 Bc7 22.h4 b5
23.h5 Bf7 24.h6 Be6 25.f5 Bf7 26.Bxc7 Qxc7 27.hxg7 Ne5 28.Qg3 Bc4 29.Rc1 Qb6
30.Bxc4+ bxc4 31.Rh2 Re7 32.g5 Rxg7 33.g6 hxg6 34.Qh3 c3 35.Nf1 d3+  0-1

[Event "Botvinnik Mem Blitz Match"]
[Site "Moscow RUS"]
[Date "2001.12.09"]
[Round "4"]
[White "Kasparov,G"]
[Black "Kramnik,V"]
[Result "1/2-1/2"]
[WhiteElo "2838"]
[BlackElo "2809"]

1.d4 Nf6 2.c4 e6 3.Nf3 d5 4.Nc3 Be7 5.Bf4 O-O 6.e3 Nbd7 7.a3 c5 8.cxd5 Nxd5
9.Nxd5 exd5 10.dxc5 Nxc5 11.Be5 Bf6 12.Bxf6 Qxf6 13.Qd4 Qxd4 14.Nxd4 Bd7
15.f3 Rfc8 16.Kd2 Ne6 17.Bd3 Nxd4 18.exd4 f6 19.h4 g6 20.Rac1 Kf7 21.Rc5 b6
22.Rxc8 Rxc8 23.h5 Kg7 24.f4 Bf5  1/2-1/2

[Event "10th Open"]
[Site "Aschach AUT"]
[Date "2001.12.26"]
[Round "1"]
[White "Hertneck,G"]
[Black "Kreindl,H"]
[Result "1-0"]
[WhiteElo "2570"]
[BlackElo "2195"]

1.d4 d5 2.c4 e6 3.Nf3 Nf6 4.Nc3 Be7 5.Bf4 O-O 6.e3 Nbd7 7.Qc2 c5 8.cxd5 Nxd5
9.Nxd5 exd5 10.Bd3 g6 11.dxc5 Nxc5 12.O-O Nxd3 13.Qxd3 Be6 14.Rfc1 Qb6 15.Be5 Rfc8
16.Bd4 Qd8 17.h3 Rxc1+ 18.Rxc1 Rc8 19.Rc3 a6 20.a3 f6 21.Qd2 Rxc3 22.Bxc3 Kf7
23.Bb4 Qc7 24.Bxe7 Qxe7 25.Qc3 Qd7 26.Nd4 Kg7 27.Kf1 Bf7 28.Ke2 Qd6 29.f4 Qb6
30.b4 Qd8 31.g4 Kg8 32.Kf2 Qd7 33.Nf3 Qc6 34.Qxc6 bxc6 35.g5 fxg5 36.Nxg5 h6
37.Nf3 Be8 38.Ne5 Kf8 39.Ke2 Ke7 40.Kd3 Kd6 41.Kd4 a5 42.bxa5 c5+ 43.Kc3 g5
44.a6 Kc7 45.f5 h5 46.f6 Kb6 47.Nd7+  1-0

[Event "OSS GM"]
[Site "Oslo NOR"]
[Date "2002.01.16"]
[Round "5"]
[White "Groenn,A"]
[Black "Johannessen,LE"]
[Result "1-0"]
[WhiteElo "2370"]
[BlackElo "2427"]

1.d4 d5 2.Nf3 Nf6 3.c4 e6 4.Nc3 Be7 5.Bf4 O-O 6.e3 Nbd7 7.h3 c5 8.cxd5 Nxd5
9.Nxd5 exd5 10.dxc5 Nxc5 11.Be5 Ne4 12.a3 Bh4 13.g3 Bf6 14.Bg2 Bxe5 15.Nxe5 Qf6
16.Nd3 Bf5 17.O-O d4 18.exd4 Qxd4 19.Nf4 Nd2 20.Re1 Rad8 21.b4 Rfe8 22.Rxe8+ Rxe8
23.Ra2 Rd8 24.Nd5 Nb3 25.Qxd4 Nxd4 26.Rd2  1-0

[Event "TCh-ISR"]
[Site "ISR"]
[Date "2002.01.18"]
[Round "2"]
[White "Bykhovsky,Av"]
[Black "Boim,I"]
[Result "1/2-1/2"]
[WhiteElo "2440"]
[BlackElo "2399"]

1.d4 d5 2.c4 e6 3.Nf3 Nf6 4.Nc3 Be7 5.Bf4 O-O 6.e3 c6 7.c5 Nbd7 8.h3 Ne4
9.Nxe4 dxe4 10.Ne5 Nxe5 11.Bxe5 f6 12.Bg3 b6 13.b4 a5 14.a3 Ba6 15.Bxa6 Rxa6
16.O-O Qd5 17.cxb6 Rxb6 18.Bc7 Rb7 19.Bxa5 f5 20.Rc1 f4 21.exf4 Bd6 22.Rc3 Rxf4
23.Qc2 Rbf7 24.Bb6 e5 25.Qb3 Qxb3 26.Rxb3 Rd7 27.Re1 exd4 28.Bxd4 Bb8 29.Be3 Rf6
30.Rc3 Be5 31.Rc4 Bb2 32.Rb1 Bxa3 33.Rxe4 Rfd6 34.Bc5 Rd1+ 35.Rxd1 Rxd1+
36.Kh2 Rd7 37.f4 Kf7 38.f5 g6 39.fxg6+ hxg6 40.h4 Bb2 41.Kh3 Bf6 42.Kg4 Rd2
43.g3 Rd3 44.Bf2 Be7 45.h5 gxh5+ 46.Kxh5 Rf3 47.Be1  1/2-1/2

[Event "Cup"]
[Site "Kali HUN"]
[Date "2002.01.18"]
[Round "1"]
[White "Bodo,N"]
[Black "Hammes,M"]
[Result "1/2-1/2"]
[WhiteElo "2339"]
[BlackElo "2372"]

1.c4 e6 2.Nc3 d5 3.d4 Nf6 4.Nf3 Be7 5.Bf4 O-O 6.e3 Nbd7 7.Rc1 c5 8.dxc5 Nxc5
9.a3 Nce4 10.Nxe4 Nxe4 11.Bd3 Bf6 12.Qc2 Qa5+ 13.Ke2 b5 14.cxb5 Qd8 15.Rhd1 Bd7
16.Ne5 Bxe5 17.Bxe5 Rc8 18.Qb1 Qg5 19.Bg3 Rxc1 20.Rxc1 h5 21.Rc7 Rd8 22.Qc2 h4
23.Bf4 Qxg2 24.Bxe4 dxe4 25.Rxd7 Qf3+ 26.Ke1  1/2-1/2

[Event "New Dolmen Open"]
[Site "Qawra MLT"]
[Date "2002.01.19"]
[Round "7"]
[White "Djuric,S"]
[Black "Bengafer,M"]
[Result "1-0"]
[WhiteElo "2487"]
[BlackElo "2280"]

1.c4 Nf6 2.Nf3 e6 3.d4 d5 4.Nc3 Be7 5.Bf4 O-O 6.e3 c5 7.a3 cxd4 8.exd4 dxc4
9.Bxc4 a6 10.Ba2 Nc6 11.O-O b5 12.d5 exd5 13.Nxd5 Nxd5 14.Bxd5 Bb7 15.Rc1 Rc8
16.Rc3 Bf6 17.Rd3 Qb6 18.Bd6 Rfe8 19.b4 Nd8 20.Bc5 Qc7 21.Bb3 Ne6 22.Bd6 Qb6
23.Ne5 Be4 24.Nd7 Qc6 25.Nxf6+ gxf6 26.Bd5 Bxd5 27.Rxd5 Qc4 28.h3 Ng5 29.Bc5 Ne4
30.Rd4 Qe6 31.Re1 Qf5 32.Rd5 Qg6 33.Re3 Kh8 34.Bd4 h6 35.Qb1 Kh7 36.Rd7 f5
37.Qa2 Ng5 38.Kh2 f4 39.Rxe8  1-0

[Event "Kaissa Open"]
[Site "Kharkov UKR"]
[Date "2002.01.28"]
[Round "7"]
[White "Zubarev,A1"]
[Black "Tikhomirov,Al"]
[Result "1-0"]
[WhiteElo "2480"]
[BlackElo "2256"]

1.c4 e6 2.d4 d5 3.Nc3 Nf6 4.Nf3 Be7 5.Bf4 O-O 6.e3 b6 7.Rc1 c5 8.cxd5 Nxd5
9.Nxd5 exd5 10.dxc5 bxc5 11.Bd3 Be6 12.O-O Nd7 13.Ne5 Rc8 14.Ba6 Rc7 15.Nf3 Rc6
16.Bb7 Rb6 17.Bxd5 Bxd5 18.Qxd5 Rxb2 19.Rfd1 Nf6 20.Qe5 Rc2 21.Rb1 Qe8 22.h3 Rxa2
23.Rb7 Bd8 24.Qxc5 Bb6 25.Qc4 Qe4 26.Qxa2 Qxb7 27.Be5 Ne4 28.Qa4 Rc8 29.Qa1 f6
30.Bd4 Nc5 31.Qa3 Qd5 32.Rb1 Rc7 33.Qb4 h6 34.Qb5 Qd7 35.Qe2 Qf5 36.Qa2+ Kh7
37.Rd1 Rd7 38.Qe2  1-0

[Event "FSFMA February"]
[Site "Budapest HUN"]
[Date "2002.02.03"]
[Round "2"]
[White "Banhazi,I"]
[Black "Kalmar,K"]
[Result "1/2-1/2"]
[WhiteElo "2084"]
[BlackElo "2104"]

1.d4 d5 2.c4 e6 3.Nc3 Nf6 4.Nf3 Be7 5.Bf4 c6 6.e3 O-O 7.Bd3 Nbd7 8.h3 dxc4
9.Bxc4 b5 10.Bd3 Bb7 11.Rc1 Qb6 12.O-O Rac8 13.Ne5 Rfd8 14.Qe2 a6 15.Bg5 c5
16.Nxd7 Rxd7 17.dxc5 Rxc5 18.Bxf6 Bxf6 19.Ne4 Bxe4 20.Bxe4 g6 21.Rcd1  1/2-1/2

[Event "Aeroflot Open"]
[Site "Moscow RUS"]
[Date "2002.02.09"]
[Round "7"]
[White "Mamedyarov,S"]
[Black "Onischuk,Al"]
[Result "1-0"]
[WhiteElo "2522"]
[BlackElo "2655"]

1.Nf3 Nf6 2.d4 e6 3.c4 d5 4.Nc3 Be7 5.Bf4 O-O 6.e3 c5 7.dxc5 Bxc5 8.a3 Nc6
9.b4 Bd6 10.Bxd6 Qxd6 11.Be2 Rd8 12.O-O Qe7 13.cxd5 exd5 14.h3 Be6 15.Rc1 Rac8
16.Qd3 a5 17.b5 Nb8 18.Na4 Nbd7 19.Nd4 Ne4 20.f4 Ng3 21.Rfe1 Rc4 22.Nxe6 Nxe2+
23.Qxe2 Qxe6 24.Rxc4 dxc4 25.Rd1 Rc8 26.Nc3 Nc5 27.f5  1-0

[Event "13th Asian Cities"]
[Site "Aden YEM"]
[Date "2002.02.10"]
[Round "5"]
[White "Safin,S"]
[Black "Sarsam,S"]
[Result "1-0"]
[WhiteElo "2528"]
[BlackElo "2404"]

1.d4 Nf6 2.c4 e6 3.Nf3 d5 4.Nc3 Be7 5.Bf4 O-O 6.e3 a6 7.cxd5 exd5 8.Bd3 c5
9.dxc5 Bxc5 10.O-O Nc6 11.Rc1 Be6 12.Bb1 Rc8 13.a3 Be7 14.Qd3 g6 15.Nd4 Nxd4
16.exd4 Bf5 17.Qf3 Bxb1 18.Rxb1 Qd7 19.Bg5 Rc6 20.Rfe1 Re6 21.Re5 Re8 22.h4 Ne4
23.Nxe4 Rxe5 24.dxe5 dxe4 25.Qxe4 Bxg5 26.hxg5 Qb5 27.f4 Rd8 28.e6 Qb6+ 29.Kh2 fxe6
30.Rc1 Rd5 31.Rc8+ Kg7 32.Qc4 Rd7 33.Re8 Kf7 34.Qc8  1-0

[Event "10th Open"]
[Site "Valle d'Aosta ITA"]
[Date "2002.02.15"]
[Round "7"]
[White "Roeder,M"]
[Black "Timoscenko,G"]
[Result "1/2-1/2"]
[WhiteElo "2478"]
[BlackElo "2513"]

1.d4 Nf6 2.c4 e6 3.Nf3 d5 4.Nc3 Be7 5.Bf4 O-O 6.e3 Nbd7 7.Qc2 c5 8.cxd5 Nxd5
9.Nxd5 exd5 10.Bd3 Qa5+ 11.Nd2 h6 12.O-O cxd4 13.Nb3 Qb6 14.Nxd4 Nc5 15.Be5 Nxd3
16.Qxd3 Bd7 17.Nf5 Bxf5 18.Qxf5 Qe6 19.Qxe6  1/2-1/2

[Event "Bundesliga 2001-2"]
[Site "Porz GER"]
[Date "2002.02.24"]
[Round "9"]
[White "Kempinski,R"]
[Black "Haba,P"]
[Result "1-0"]
[WhiteElo "2576"]
[BlackElo "2496"]

1.d4 Nf6 2.c4 e6 3.Nf3 d5 4.Nc3 Be7 5.Bf4 O-O 6.e3 c5 7.dxc5 Bxc5 8.a3 Nc6
9.Qc2 Qa5 10.O-O-O Be7 11.Nd2 Qb6 12.Be2 d4 13.Na4 Qa5 14.b4 d3 15.Qb3 dxe2
16.bxa5 Nxa5 17.Qc3 exd1=Q+ 18.Rxd1 b6 19.Kb1 Ba6 20.Nb2 Rac8 21.e4 Rfd8
22.Rc1 Ng4 23.e5 Nxf2 24.Qg3 Rxd2 25.Bxd2 Ne4 26.Qd3 Nb3 27.Bb4 Nec5 28.Bxc5 Nxc1
29.Qd7 Bxc5 30.Qxa7 Bxc4 31.Nxc4 Ne2 32.Nxb6 Nc3+ 33.Kc2 Nd5 34.Nxc8 Bxa7
35.Nxa7 Kf8 36.Kd3 Ke8 37.Kd4 Kd7 38.Nb5 Kc6 39.Nd6 f6 40.Ne8 fxe5+ 41.Kxe5 Ne3
42.Nxg7 Ng4+ 43.Kf4 Nxh2 44.Nxe6 Kd5 45.Ng5 h5 46.Ne4 Ng4 47.Nd2 Kd4 48.Kg5 Ne3
49.g3 Kc3 50.Nb1+ Kb2 51.Kxh5 Kxb1 52.a4 Kc2 53.a5 Kc3 54.a6 Nd5 55.a7 Nc7
56.g4  1-0

[Event "Open"]
[Site "Cannes FRA"]
[Date "2002.02.26"]
[Round "3"]
[White "Kolev,At"]
[Black "Colin,V"]
[Result "1-0"]
[WhiteElo "2568"]
[BlackElo "2336"]

1.d4 d5 2.c4 e6 3.Nf3 Nf6 4.Nc3 Be7 5.Bf4 O-O 6.e3 c5 7.dxc5 Bxc5 8.cxd5 exd5
9.Be2 Nc6 10.O-O a6 11.Rc1 Ba7 12.Ne5 Re8 13.Nxc6 bxc6 14.Na4 Ne4 15.Rxc6 Bd7
16.Rc1 g5 17.Bc7 Qf6 18.Nc3 Nxc3 19.bxc3 Rac8 20.Bg3 Rc5 21.Rb1 Qc6 22.Bf3 Bf5
23.Rb4 Be4 24.Bxe4 dxe4 25.Rd4 Rxc3 26.Rd6 Qb5 27.a4 Qa5 28.Qh5 Rd8 29.Rxa6 Qc5
30.Rxa7  1-0